Loading...
| History - European | 0 | 5 | 0 | 0 | 50 | 43 | 60.80 | 0 | 2 | 21.12 | 23.33 |
| History - Other | 0 | 3 | 1 | 0 | 25 | 63 | 75.00 | 1 | 2 | 10.26 | 21.67 |
| History - World | 0 | 2 | 0 | 0 | 20 | 35 | 49.00 | 0 | 2 | 11.02 | 14.17 |
| Fine Arts - Classical Music | 0 | 2 | 0 | 0 | 20 | 81 | 81.00 | 0 | 2 | 5.40 | 16.90 |
| History - American | 0 | 2 | 0 | 0 | 20 | 70 | 82.50 | 0 | 2 | 5.98 | 13.33 |
| Science - Biology | 0 | 1 | 0 | 0 | 10 | 44 | 44.00 | 0 | 1 | 5.77 | 8.33 |
| Fine Arts - Other | 0 | 1 | 0 | 0 | 10 | 91 | 91.00 | 0 | 0 | 2.35 | 2.50 |
| Geography | 0 | 1 | 0 | 1 | 10 | 103 | 103.00 | 0 | 1 | 1.59 | 17.86 |
| Literature - World | 0 | 1 | 0 | 0 | 10 | 94 | 94.00 | 0 | 1 | 1.38 | 8.57 |
| Current Events | 0 | 1 | 1 | 0 | 5 | 74 | 74.00 | 1 | 1 | 6.42 | 17.14 |
| Religion | 0 | 0 | 0 | 0 | 0 | 0.00 | 0 | 0 | 0.00 | 0.00 |